| 000 | 01316nam0a22002891 4500 | ||
|---|---|---|---|
| 001 | rc\4982038 | ||
| 005 | 20260408083338.0 | ||
| 021 |
_aRU _b[63-55086] |
||
| 035 | _a(NLR Aleph) 008982417 | ||
| 090 |
_a9194323 _c9194323 |
||
| 100 | _a20130430d1963 |||y0rusy50 ca | ||
| 101 | 0 | _arus | |
| 102 | _aRU | ||
| 105 | _aa c ||||| | ||
| 200 | 1 |
_aРуководящие указания по уравновешиванию паровых турбоагрегатов с гибкими роторами _fГос. производ. ком. по энергетике и электрификации СССР. Гос. трест по организации и рационализации район. электр. станций и сетей "Оргрэс". БТИ |
|
| 210 |
_aМосква _cБ. и. _d1963 |
||
| 215 |
_a64, [12] с. _cчерт. _d19 |
||
| 300 | _aНа обороте тит. л. авт.: канд. техн. наук Б.Т. Рунов | ||
| 333 | _aИзд. подписное | ||
| 606 |
_aТурбомашины _xРоторы _xБалансировка _2psbo |
||
| 701 | 1 |
_aРунов _bБ.Т. |
|
| 712 | 0 | 2 |
_a"Оргрэс", трест _cМосква _3RU\NLR\AUTH\8810166155 _9828297 |
| 801 | 0 |
_aRU _bNLR _gpsbo |
|
| 801 | 1 |
_aRU _bELAR _2rusmarc |
|
| 852 |
_aNLR _j63-4/12990 |
||
| 942 | _cBOOK | ||
| 980 | _aNB | ||